| 000 | 01113nam a2200289 a 4500 | ||
|---|---|---|---|
| 001 | BRL_512 | ||
| 005 | 20190320210757.0 | ||
| 008 | 230813s1962----mx-#######---#000-0#spa-# | ||
| 041 | _aspa | ||
| 044 | _amx | ||
| 050 | 4 |
_aZ1209 _c.B47 1962 |
|
| 100 | 1 |
_aBernal, Ignacio _9778 |
|
| 245 | 1 | 0 |
_aBibliografía de arqueología y etnografía _bMesoamérica y Norte de México, 1514-1960 _cIgnacio Bernal. |
| 260 |
_aMéxico _bInstituto Nacional de Antropología e Historia _c1962 |
||
| 300 |
_a634 p. _c33 cm. |
||
| 440 | 0 |
_aInstituto Nacional de Anthropología e Historia. Memorias _p7 _924149 |
|
| 500 | _aAu539. | ||
| 500 | _aEjemplar intonso. | ||
| 500 | _aEdición conmemorativa en ocasión de la xxxv reunión del congreso internacional de americanistas agosto, 1962. | ||
| 500 | _aTiene desgarrada la cubierta. | ||
| 650 | 1 | 4 |
_aIndígenas de América Central _vBibliografía _924150 |
| 650 | 1 | 4 |
_aIndígenas de México _vBibliografía _924151 |
| 651 | 4 |
_aAmérica Central _vBibliografía _xAntigüedades _924152 |
|
| 651 | 4 |
_aMéxico _vBibliografía _xAntigüedades _924153 |
|
| 902 | _aGRL | ||
| 942 |
_2lcc _cB |
||
| 999 |
_c9324 _d9324 |
||